000 00458pab a2200157 454500
008 180718b2006 xxu||||| |||| 00| 0 eng d
100 _aGarg, Subhash chandra
245 _aTransformation of central grants to states: growing conditionality and bypassing state budgets
260 _c2006
300 _ap.4977-984.
362 _a2 Dec
650 _aBudget
650 _aFederal state relations
773 _aEconomic and Political Weekly
909 _a72548
999 _c72548
_d72548